Normal view MARC view
  • Barth, Edwin J

Entry Personal Name

Number of records used in: 1

001 - CONTROL NUMBER

  • control field: 41032

003 - CONTROL NUMBER IDENTIFIER

  • control field: NUST

005 - DATE AND TIME OF LATEST TRANSACTION

  • control field: 20210314131941.0

008 - FIXED-LENGTH DATA ELEMENTS

  • fixed length control field: 210314|| aca||aabn | a|a d

040 ## - CATALOGING SOURCE

  • Original cataloging agency: NUST
  • Transcribing agency: NUST

100 ## - HEADING--PERSONAL NAME

  • Personal name: Barth, Edwin J

670 ## - SOURCE DATA FOUND

  • Source citation: Work cat.: (NUST): Barth, Edwin J., Asphalt; science and technology., [1962]
© 2023 Central Library, National University of Sciences and Technology. All Rights Reserved.